=LDR 00000nam 2200000 4500 =001 INLIS000000000051115 =005 20200908074724 =035 ##$$a 0010-0817000298 =007 ta =008 200908################g##########0#ind## =020 ##$$a 978-602-1351-16-1 =082 ##$$a 302.1 =084 ##$$a 302.1 AMB k =100 1#$$a Ambarwati Fitri Respati =245 1#$$a Ketrampilan dasar praktik klinik /$c Fitri Reserpati, SKM., M.Kes; Nita Nasution, S.Kep.Ns =250 ##$$a Cet. 1 =260 ##$$a Yogyakarta :$b Parama Ilmu,$c 2015 =300 ##$$a 240 Hlm : $b illus ; $c 14 x 21 Cm =650 #4$$a Klinik Kesehatan =990 ##$$a 31700041